000
00276nam a2200133Ia 4500
100
_a
Weiske/W
942
_c
BK
654
_a
electricity
245
_a
Three-phase electricity
260
_b
Wiley eastern
_a
New Delhi
_c
1989
300
_a
64
546
_a
ENGLISH
999
_c
33304
_d
33304